Responses for Show #3942 - Tuesday, October 23, 2001

2001 Tournament of Champions quarterfinal game 2.

Contestants

[<< previous game]

Pam Mueller, a college student from Wilmette, Illinois

Andrew Garen, a project manager from Austin, Texas

Larry Cloud, a computer consultant from Inglewood, California

[next game >>]

Jeopardy! Round responses

U.S. CITIES
OH, DANNY BOY
PALEONTOLOGY
(Alex: We'll give you the presenters, you have to name the honor in the category...)
AWARD PRESENTERS
HISTORY TEST
(Alex: And finally, I hope this bring--brings back wonderful memories...)
WINNIE-THE-POOH'S ENTOURAGE
    $100 1
Atlantic City

Andrew
    $100 7
Daniel Boone

Larry
    $100 24
vertebrates

Pam
    $100 19
the Nobel Prizes

Andrew
    $100 12
the Inquisition

Triple Stumper
    $100 3
Christopher Robin

Andrew
    $200 2
St. Louis

Pam
    $200 8
Danny Bonaduce

Andrew
    $200 25
(Alex: And we have a minute to go now.)

shark

Larry
    $200 20
the Grammys

Andrew
    $200 13
Treaty of Guadalupe Hidalgo

Pam
    $200 14
A.A. Milne

Pam
    $300 4
Boulder

Andrew
    $300 9
Daniel Inouye

Andrew
    $300 26
sloth

Larry
    $300 21
the Tonys

Larry
    $300 16
China

Andrew
    $300 15
(Pam: Who is Roo?)

Piglet

AndrewPam
    $400 5
Lexington

Andrew
    $400 10
Daniel Ellsberg

Andrew
    $400 27
crane

Larry
    $400 22
the Heisman Trophy

Larry
    $900 17
(Alex: The mutiny occurred about 3 1/2 weeks later.)

the Bounty

Andrew
    $400 29
Kanga & Roo

Pam
    $500 6
Buffalo

Andrew
    $500 11
Daniel O'Connell

Triple Stumper
    $500 28
eyes

Andrew
    $500 23
the Webby Awards

Triple Stumper
    $500 18
Delft

Andrew
    $500 30
Heffalump

Pam

Scores at the first commercial break (after clue 15):

Larry Andrew Pam
$100 $2,600 $300

Scores at the end of the Jeopardy! Round:

Larry Andrew Pam
$1,700 $5,100 $1,300

Double Jeopardy! Round responses

LET'S "C" WHAT YOU KNOW
NATIONAL HISTORIC LANDMARKS
THE PURPLE TESTAMENT
WORKING TITLES
COMMON BONDS
FIVE WEDDINGS & A FUNERAL
    $200 1
cult

Larry
    $200 21
cable cars

Larry
    $200 16
(Alex: Now why would our College Champion know that one?)

Moby Grape

Pam
    $200 8
The Red Badge of Courage

Pam
    $200 6
mortar

Pam
    $200 26
The Graduate

Pam
    $400 2
couth

Larry
    $400 22
Library of Congress

Larry
    $400 17
(Andrew: What is "The Color Purple?")
(Pam: What is "American Graffiti?")

Purple Rain

AndrewPam
Triple Stumper
    $400 9
The Great Gatsby

Larry
    $400 7
duct tape

Andrew
    $400 27
Kim Basinger

Andrew
    $600 3
(Larry: What is cerulean?)

cornflower

Larry
Triple Stumper
    $2,400 23
(Larry: What is the Gateway Bridge in St. Louis?)

the Gateway Arch

Larry
    $600 18
amethyst

Pam
    $600 10
William Faulkner

Larry
    $600 13
asphalt

Larry
    $600 28
The Princess Bride

Andrew
    $800 4
chi

Pam
    $800 24
Jean Lafitte

Andrew
    $800 19
Japanese

Larry
    $2,700 11
A Moveable Feast

Larry
    $800 14
water & oil

Pam
    $800 29
Barry Bostwick

Pam
    $1000 5
(Pam: What is commutation?)

commutative

Pam
    $1000 25
Ripon

Larry
    $1000 20
Riders of the Purple Sage

Larry
    $1000 12
(Andrew: Who is Arrowsmith?)

George Babbitt

AndrewPam
    $1000 15
Borden's

Larry
    $1000 30
(Andrew: Who is Sharon Stone?)
(Larry: Who is Steve Guttenberg?)

Albert Brooks

LarryAndrew
Triple Stumper

Scores at the end of the Double Jeopardy! Round:

Larry Andrew Pam
$7,000 $4,900 $6,700

Final Jeopardy! Round responses

BUSINESS & INDUSTRY
(Alex: Cars & gas.)
AndrewWhat are IBM & Microsoft?
$4,000
PamWhat are Microsoft & Apple?
$301
LarryWhat are IBM & Microsoft?
$5,000
General Motors & Exxon

Final scores:

Larry Andrew Pam
$2,000 $900 $6,399
2nd place: $2,500 if eliminated 3rd place: $2,500 if eliminated Automatic semifinalist

Game dynamics:

Coryat scores:

Larry Andrew Pam
$7,500 $4,400 $6,700
18 R
(including 1 DD),
3 W
(including 1 DD)
19 R
(including 1 DD),
3 W
16 R,
2 W

Combined Coryat: $18,600

[game clues] [game scores] [suggest correction]

Game tape date: 2001-09-24
The J! Archive is created by fans, for fans. Scraping, republication, monetization, and malicious use prohibited; this site may use cookies and collect identifying information. See terms. The Jeopardy! game show and all elements thereof, including but not limited to copyright and trademark thereto, are the property of Jeopardy Productions, Inc. and are protected under law. This website is not affiliated with, sponsored by, or operated by Jeopardy Productions, Inc. Join the discussion at JBoard.tv.